Bài tập Toán 6
Bài tập Toán 9 được biên soạn sử dụng kèm theo sách giáo khoa giúp các em học sinh củng cố kiến thức toán học cơ bản, rèn luyện kĩ năng theo chuẩn kiến thức, kĩ năng trong chương trình giáo dục phổ thông. Sách cũng bổ sung những bài tập nân...
Gorde:
| Egile nagusia: | |
|---|---|
| Formatua: | Liburua |
| Hizkuntza: | Undetermined |
| Argitaratua: |
Hà Nội
Giáo dục
2010
|
| Gaiak: | |
| Etiketak: |
Etiketa erantsi
Etiketarik gabe, Izan zaitez lehena erregistro honi etiketa jartzen!
|
| Thư viện lưu trữ: | Trung tâm Học liệu Trường Đại học Cần Thơ |
|---|
| LEADER | 01005nam a2200217Ia 4500 | ||
|---|---|---|---|
| 001 | CTU_157954 | ||
| 008 | 210402s9999 xx 000 0 und d | ||
| 020 | |c 10800 | ||
| 082 | |a 510.712 | ||
| 082 | |b Th121/T.1/L.6 | ||
| 100 | |a Tôn, Thân | ||
| 245 | 0 | |a Bài tập Toán 6 | |
| 245 | 0 | |c Tôn Thân (chủ biên) | |
| 260 | |a Hà Nội | ||
| 260 | |b Giáo dục | ||
| 260 | |c 2010 | ||
| 520 | |a Bài tập Toán 9 được biên soạn sử dụng kèm theo sách giáo khoa giúp các em học sinh củng cố kiến thức toán học cơ bản, rèn luyện kĩ năng theo chuẩn kiến thức, kĩ năng trong chương trình giáo dục phổ thông. Sách cũng bổ sung những bài tập nâng cao giúp các em học sinh khá giỏi rèn luyện thêm. | ||
| 650 | |a Mathematics | ||
| 650 | |x Study and teaching (Secondary) | ||
| 904 | |i Bạch Trúc | ||
| 980 | |a Trung tâm Học liệu Trường Đại học Cần Thơ | ||